000 00340nam a2200145Ia 4500
008 150201s2011 xx 000 0 und d
082 _a603
_bO11C
100 _aCUTTS, MARTIN
245 _aOXFORD GUIDE TO PLAIN ENGLISH
250 _a10TH
260 _bOXFORD
_aDELHI
_c2011
300 _a1-202
650 _aDICTIONARIES
942 _2ddc
_cBK
999 _c1318
_d1318